Addressing the muslim market.
| Format: | Book |
|---|---|
| Published: |
Chicago:
AT.Kearney,
1997.
|
| Subjects: |
| LEADER | 00485cam a2200145 7i4500 | ||
|---|---|---|---|
| 001 | 0000023184 | ||
| 005 | 20090713090000.0 | ||
| 090 | 0 | 0 | |a I 297.273 |b ADD |
| 245 | 0 | 0 | |a Addressing the muslim market. |
| 260 | 0 | 0 | |a Chicago: |b AT.Kearney, |c 1997. |
| 300 | # | # | |a 19 p. |
| 650 | 0 | 0 | |a Islam -- |x Economic aspects |
| 650 | 0 | 0 | |a Economics -- |x Religious aspects -- |x Islam |
| 999 | |a 0000022237 |b Book |c International |e Business Information Centre | ||
| 999 | |a 0000022236 |b Book |c International |e Business Information Centre | ||